Statistics for Simpsons Trivia Quiz #3

Click here to take the quiz!

General Stats

  • This quiz has been taken 34,844 times
    (26,548 since last reset)
  • The average score is 12 of 20

Answer Stats

QuestionAnswer% Correct
What kind of beer does Homer drink?Duff
98%
What weapon does Bart carry in his back pocket?A Slingshot
91%
Who is Lenny's best friend?Carl
89%
Who says "worst … episode... ever"?Comic Book Guy
78%
What is Homer's middle name?Jay
77%
Who replaced Sideshow Bob?Sideshow Mel
73%
Who performed Homer's open heart surgery?Dr. Nick Riviera
70%
Homer's roommate at the insane asylum thinks he is what famous singer?Michael Jackson
67%
Who says "Ay, ay, ay, no me gusta"?Bumblebee Man
64%
Where do Patty and Selma work?The DMV
64%
Rainier Wolfcastle is a parody of what real-life actor?Arnold Schwarzenegger
62%
What was the name of Barney's snow-plowing business?Plow King
56%
Who is the voice of Sideshow Bob?Kelsey Grammer
52%
And what does Homer eat prior to meeting his spirit guide?Guatemalan Insanity {Pepper}
45%
As a teenager, Marge had a crush on which famous musician?Ringo Starr
44%
Who says "Bonjour, ya cheese-eating surrender monkeys"?Groundskeeper Willie
38%
What type of animal is Homer's spirit guide?Coyote
36%
What car is twelve yards long and two lanes wide?The Canyonero
35%
Who is the guest of honor at the unveiling of the monorail?Leonard Nimoy
25%
Who are “Tipsy, Queasy, Surly, Sleazy, Edge, Dizzy and Remorseful”?The 7 Duffs
23%

Score Distribution

Percentile by Number Answered

Percent of People with Each Score

Your Score History

You have not taken this quiz since the last reset